000 00990nam a2200313Ia 4500
001 G5020
003 IT-RoPAU
008 130308s9999 xx 000 0 und d
040 _aIT-RoPAU
040 _cIT-RoPAU
041 _aITALIANO
100 _aStazio Marialuisa
100 _gCodice Aut. SPICS: 54942
245 _aLeggere i media
245 _bLeggere I Media
250 _a1a ed.
260 _aNAPOLI
260 _bEllissi
260 _c2000 [1° Ed.:2000 - Ed.Ling.Originale:2000]
300 _a"352 p. (prefazione: no ; testo: 352 [pagine: 0-0])"
500 _aRaccolta Sistematica delle Bibliografie Ragionate Contenute Nei Manuali Dicomunicazione della Serie I Mezzi. Bibliografia su Stampa, Fotografia, Telefono, Cinema, Radio, Televisione, New Media e reti Telematiche.
650 _aDIDATTICA AUDIOVISIVA
650 _eCodice materia Spics: 4002
700 _aAA.VV.
700 _gCodice Aut. SPICS: 12000
942 _cBK
957 _71
999 _c89885
_d89885
999 _g1